Zufällige Insel zu Land - Statistiken

Allgemein
  • Dieses Quiz wurde 367 mal gespielt
  • Das Durchschnittsergebnis liegt bei 12 aus 20
Antwortstatistiken
Insel Land % Korrekt
Tasmanien Australien
100%
Hong Kong China
100%
Grönland Dänemark
100%
Sylt Deutschland
100%
Korsika Frankreich
100%
Kreta Griechenland
100%
Lesbos Griechenland
100%
Rhodos Griechenland
100%
Sardinien Italien
100%
Kuba Kuba
100%
Fuerteventura Spanien
100%
Gran Canaria Spanien
100%
Ibiza Spanien
100%
Teneriffa Spanien
100%
Taiwan Taiwan
100%
Sansibar Tansania
100%
Trinidad Trinidad und Tobago
100%
Großbritanien Vereinigtes Königreich
100%
Manhattan Vereinigte Staaten
100%
Sizilien Italien
92%
Madeira Portugal
92%
Madagaskar Madagaskar
91%
Guadeloupe Frankreich
89%
Mallorca Spanien
89%
Rügen Deutschland
88%
Bali Indonesien
88%
Hokkaido Japan
88%
Südinsel Neuseeland
88%
Lanzarote Spanien
88%
Puerto Rico Vereinigte Staaten
88%
Java Indonesien
86%
Honshu Japan
83%
Hawai'i Vereinigte Staaten
83%
Martinique Frankreich
80%
Sumatra Indonesien
80%
Island Island
80%
Nordinsel Neuseeland
80%
Phuket Thailand
80%
Zypern Zypern
80%
Mauritius Mauritius
78%
Spitzbergen Norwegen
78%
Hainan China
75%
Fünen Dänemark
75%
Shikoku Japan
75%
Malta Malta
75%
St. Lucia St. Lucia
75%
Djerba Tunesien
73%
Föhr Deutschland
71%
Oktoberrevolutionsinsel Russland
71%
Zhongshan Dao China
67%
Réunion Frankreich
67%
Sulawesi Indonesien
67%
Mombasa-Insel Kenia
67%
Gotland Schweden
67%
Öland Schweden
67%
Falkland-Inseln Vereinigtes Königreich
67%
O'ahu Vereinigte Staaten
67%
Sachalin Russland
64%
Kyushu Japan
63%
Okinawa Japan
63%
Neufundland Kanada
63%
Banksland Kanada
60%
Devon-Insel Kanada
60%
Luzon Philippinen
60%
Maui Vereinigte Staaten
60%
Guam Vereinigte Staaten
58%
Barbados Barbados
56%
Xiamen China
56%
Victorialand Kanada
56%
Seeland Dänemark
50%
Mayotte Frankreich
50%
Baffin-Insel Kanada
50%
île de Montréal Kanada
50%
Grande Comore Komoren
50%
Mindanao Philippinen
50%
Skye Vereinigtes Königreich
50%
Kodiak-Insel Vereinigte Staaten
50%
Südgeorgien Vereinigtes Königreich
47%
Palawan Philippinen
43%
Long Island Vereinigte Staaten
43%
Chiloé Chile
40%
Korfu Griechenland
40%
IJsseloog Niederlande
40%
Sokotra Jemen
38%
Diskoinsel Dänemark
33%
Neukaledonien Frankreich
33%
Aruba Niederlande
33%
Panay Philippinen
33%
Nowaja Semlja-Inseln Russland
33%
Saaremaa Estland
29%
Kerguelen Frankreich
29%
Tahiti Frankreich
29%
Jeju Südkorea
29%
Marajó Brasilien
25%
Euböa Griechenland
25%
Yos Sudarso Indonesien
25%
Ellesmereland Kanada
25%
Flevopolder Niederlande
25%
Isla de la Juventud Kuba
22%
Salsette Indien
20%
Axel-Heiberg-Insel Kanada
20%
Stewart-Insel Neuseeland
20%
Neuirland Papua-Neuguinea
20%
Andaman-Inseln Indien
17%
Neubritannien Papua-Neuguinea
14%
Panay Philippinen
13%
Vanua Levu Fidschi
10%
Seram Indonesien
10%
Viti Levu Fidschi
9%
Halmahera Indonesien
9%
Negros Philippinen
8%
Bioko Äquatorialguinea
0%
Große Inagua-Insel Bahamas
0%
Nord-Andros Insel Bahamas
0%
Süd-Andros Insel Bahamas
0%
Bhola-Insel Bangladesch
0%
Bananal-Insel Brasilien
0%
Tupinambarana Brasilien
0%
Isabela-Insel Ecuador
0%
Qeschm Iran
0%
Melville-Insel Kanada
0%
Santiago Kap Verde
0%
Labuan Malaysia
0%
Ramree Myanmar
0%
Urk Niederlande
0%
Edgeinsel Norwegen
0%
Bougainville Papua-Neuguinea
0%
Guadalcanal Salomonen
0%
Upolu Samoa
0%
Ujong Singapur
0%
Espiritu Santo Vanuatu
0%
Keine übereinstimmenden Quizze gefunden
Verteilung der Resultate
Anzahl Personen mit jedem Resultat
Perzentil nach korrekt beantworteten Fragen
Ihre Resultats-Entwicklung
Sie haben dieses Quiz noch nicht gespielt